Sexuelle Frustration als Tötungsmotiv

Elmentve itt :
Bibliográfiai részletek
Szerzők: Kósa Ferenc
Dobranovics Ilona
Szilárd András
Virágos Kis Erzsébet
Dokumentumtípus: Cikk
Megjelent: 1983
Sorozat:Kolligátum
Kulcsszavak:Szexuálpszichológia, Kriminálszociológia, Bűncselekmény - erőszakos - kriminológia, Emberölés, Bűnügy, Kriminalisztika
Online Access:http://misc.bibl.u-szeged.hu/26348
LEADER 00764nab a2200205 i 4500
001 misc26348
005 20191108145847.0
008 170904s1983 hu o 0|| zxx d
040 |a SZTE Miscellanea Repozitórium  |b hun 
041 |a zxx 
100 1 |a Kósa Ferenc 
245 1 0 |a Sexuelle Frustration als Tötungsmotiv  |h [elektronikus dokumentum] /  |c  Kósa Ferenc 
260 |c 1983 
300 |a 79-88 
490 0 |a Kolligátum 
695 |a Szexuálpszichológia, Kriminálszociológia, Bűncselekmény - erőszakos - kriminológia, Emberölés, Bűnügy, Kriminalisztika 
700 0 1 |a Dobranovics Ilona  |e aut 
700 0 1 |a Szilárd András  |e aut 
700 0 2 |a Virágos Kis Erzsébet  |e aut 
856 4 0 |u http://misc.bibl.u-szeged.hu/26348/1/019_005_079-088.pdf  |z Dokumentum-elérés